000 01091nam a22002777a 4500
001 BD-DhSAU 9278
003 BD-DhSAU
005 20221218110334.0
008 150613b2018 bg a|||| m||| 00| 0 eng d
040 _aBD-DhSAU
082 _222
_a630
_bSa745
100 _aSARNA, NUSRAT JAHAN
_eRegistration No. # 13-05538
245 _aGrowth and yield of baby corn as influenced by nitrogen fertilizer management /
_bMS thesis
260 _aSher-e-Bangla Agricultural University :
_bDepartment of Agronomy,
_c2021
300 _axvi, 95p. :
_bill. ;
_c30 cm.
500 _aMS thesis of Department of Agonomy, Faculty of Agriculture, Sher-e-Bangla Agricultural University, Dhaka, Bangladesh
504 _aIncludes bibliographical reference.
590 _aNazmul
650 _ababy corn
650 _anitrogen fertilizer management
651 _a
700 _aProf. Dr. Parimal Kanti Biswas
_eSuperviser
700 _aProf. Dr. Mirza Hasanuzzaman
_eCo-superviser
856 _uhttp://archive.saulibrary.edu.bd:8080/xmlui/handle/123456789/4561
942 _2ddc
_cTHESIS
999 _c16407
_d16406